Sravnenije ekonomičeskogo razvitija Ukrajiny i Kazachstana
Porovnanie hospodárskeho rozvoja Ukrajiny a Kazachstanu. Analýza makroekonomických ukazovateľov.
Guardado en:
| Autor principal: | |
|---|---|
| Otros Autores: | |
| Formato: | Capítulo de libro |
| Lenguaje: | ruso |
| Materias: | |
| Etiquetas: |
Sin Etiquetas, Sea el primero en etiquetar este registro!
|
MARC
| LEADER | 00000naa a2200000 4500 | ||
|---|---|---|---|
| 001 | 0182894 | ||
| 005 | 20240502083429.6 | ||
| 041 | 0 | |a rus | |
| 044 | |a KZ | ||
| 245 | 1 | 0 | |a Sravnenije ekonomičeskogo razvitija Ukrajiny i Kazachstana |c Leonid Raneta, Aisulu Kozhabayeva |
| 520 | |a Porovnanie hospodárskeho rozvoja Ukrajiny a Kazachstanu. Analýza makroekonomických ukazovateľov. | ||
| 610 | 2 | 0 | |a situácia hospodárska |
| 610 | 2 | 0 | |a rozvoj hospodársky |
| 610 | 2 | 0 | |a rast hospodársky |
| 610 | 2 | 0 | |a ukazovatele makroekonomické |
| 610 | 2 | 0 | |a Ukrajina |
| 610 | 2 | 0 | |a Kazachstan |
| 100 | 1 | |a Raneta, Leonid, 1982- | |
| 700 | 1 | |a Kozhabayeva, Aisulu | |